Mission between the times: (Record no. 9064)

000 -LEADER
fixed length control field 00775nam a2200217 a 4500
001 - CONTROL NUMBER
control field :::00006845$&:&@@
003 - CONTROL NUMBER IDENTIFIER
control field OkBaRHE
005 - DATE AND TIME OF LATEST TRANSACTION
control field 20000607103333.0
008 - FIXED-LENGTH DATA ELEMENTS--GENERAL INFORMATION
fixed length control field s1985 j 000 0 eng u
020 ## - INTERNATIONAL STANDARD BOOK NUMBER
International Standard Book Number 0802800572 (pbk.)
040 ## - CATALOGING SOURCE
Transcribing agency
100 1# - MAIN ENTRY--PERSONAL NAME
Personal name Padilla, C. Rene.
245 10 - TITLE STATEMENT
Title Mission between the times:
Remainder of title essays.
260 ## - PUBLICATION, DISTRIBUTION, ETC. (IMPRINT)
Place of publication, distribution, etc Grand Rapids, MI., :
Name of publisher, distributor, etc William B. Eerdmans Publishing Co.
Date of publication, distribution, etc c1985
300 ## - PHYSICAL DESCRIPTION
Extent xi, 199 p. ;
Dimensions 21 cm.
650 ## - SUBJECT ADDED ENTRY--TOPICAL TERM
Topical term or geographic name as entry element Christianity
General subdivision Latin America
-- Addresses, Essays, Lectures
650 ## - SUBJECT ADDED ENTRY--TOPICAL TERM
Topical term or geographic name as entry element Evangelistic Work
General subdivision Addresses, Essays, Lectures
650 ## - SUBJECT ADDED ENTRY--TOPICAL TERM
Topical term or geographic name as entry element Mission of the Church
General subdivision Addresses, Essays, Lectures
942 ## - ADDED ENTRY ELEMENTS (KOHA)
Source of classification or shelving scheme
Koha item type Books
Copies
Koha item type Permanent Location Damaged status Full call number Not for loan Source of classification or shelving scheme Withdrawn status Barcode Price effective from Date last seen Shelving location Copy number Date acquired Lost status
BooksRHEMA Bible Training College BV 601.8 .R46   68452010-04-142010-04-14General Stacks12010-04-14